000 00282nam a22001337a 4500
008 170922b xxu||||| |||| 00| 0 eng d
020 _a9780030227288
041 _aeng
080 _a902
100 _a45
101 _aARK
245 _aARCHAEOLOGY
_cTHOMAS, D.H
942 _2udc
_cBK
999 _c28932
_d28932